Svedectvá vojnových novín o Spiši

Bibliographic Details
Main Author: Minďášová, Eleonóra (Author)
Format: Article
Language:Slovak
Subjects:

MARC

LEADER 00000nab a2200000 a 4500
001 vtls001017833
003 SK-MaSNL
005 20260303035426.0
008 140402e20020000xo 0 slo
035 |a SN3782 
040 |a SNSK  |b slo  |c SNSK  |e AACR2 
041 0 |a slo 
044 |a xo  |c SK 
080 |a 943.76"1939/1945"  |2 1981 
080 |a 07  |2 1981 
080 |a 355.012  |2 1981 
100 1 |a Minďášová, Eleonóra  |4 aut  |9 851051 
245 1 0 |a Svedectvá vojnových novín o Spiši 
610 2 7 |a Heimatschnitz  |2 SNSK  |9 1022128 
630 0 7 |a Spišské hlasy (novinyň  |2 SNSK  |9 1022129 
630 0 7 |a Znamja rodiny (noviny)  |2 SNSK  |9 1022130 
650 0 7 |a druhá svetová vojna (1939-1945)  |2 snkbucl  |9 169657 
650 0 7 |a dokumenty  |2 SNSK  |9 21311 
651 7 |a Spišská Nová Ves (Slovensko)  |2 SNSK  |9 28800 
773 0 8 |t Bojovník  |g Roč. 47, č.2 (2002), s. 6 
852 |a ZVYKNI  |b KIS3GCP 
999 |c 1677494  |d 1679424